000 00528nam a22001817a 4500
001 195587
003 OSt
005 20240708163634.0
008 240708b |||||||| |||| 00| 0 POR d
040 _aColégio Cândido Portinari
_bPortuguês
_cColégio Cândido Portinari
082 _a028.5
245 _aO gato de botas
_cIlustrações de T. Izawa e S. Hijikata
260 _aRio de Janeiro: Record, c1971.
300 _a11p.: il.
490 _aColeção Joinha
650 0 _aLiteratura Infantil
_9448
942 _2udc
_cBK
_n0
999 _c195587
_d195587